Państwa leżące najbliżej styku południka 0 i równika - Statystyki

Ogólne statystyki
  • Ten quiz został rozwiązany 23 razy
  • Średni wynik to 7 z 9
Statystyki odpowiedzi
Hint Odpowiedź % Poprawnych
802 Nigeria
100%
722 Benin
85%
573 Ghana
85%
690 Togo
85%
977 Gabon
75%
671 Wybrzeże Kości Słoniowej
75%
1005 Kamerun
65%
970 Liberia
65%
716 Wyspy Świętego Tomasza
45%
Nie znaleziono quizów pasujących do podanych kryteriów
Rozkład punktacji
Procent ludzi z każdym wynikiem
Percentyl według liczby udzielonych odpowiedzi
Twoja historia wyników
Nie rozwiązałeś tego quizu